Вып. 24 : Геология и рудоносность Узбекистана; Записки Узбекистанского отделения Всесоюзного минералогического общества

Bibliografiske detaljer
Parent link:Записки Узбекистанского отделения Всесоюзного минералогического общества/ Академия наук Узбекской ССР (АН УзССР) ; Всесоюзное минералогическое общество (ВМО), Узбекистанское отделение. Вып. 24 : Геология и рудоносность Узбекистана.— , 1957-1989
Institution som forfatter: Академия наук Узбекской ССР (АН УзССР) Институт геологии и геофизики им. Х. М. Абдуллаева
Andre forfattere: Бадалов С. Т. (редактор)
Sprog:russisk
Udgivet: 1971
Fag:
Format: MixedMaterials Bog
KOHA link:https://koha.lib.tpu.ru/cgi-bin/koha/opac-detail.pl?biblionumber=365926

MARC

LEADER 00000nam2a2200000 4500
001 365926
005 20231102011831.0
035 |a (RuTPU)RU\TPU\retro\23289 
035 |a RU\TPU\retro\23230 
090 |a 365926 
100 |a 20220126d1971 k y0rusy5003 ca 
101 0 |a rus 
102 |a UZ 
105 |a a z 001zy 
200 0 |a Вып. 24 : Геология и рудоносность Узбекистана  |f Академия наук Узбекской ССР (АН УзССР), Институт геологии и геофизики им. Х. М. Абдуллаева ; отв. ред. С. Т. Бадалов 
210 |d 1971 
215 |a 210 с.  |c ил. 
320 |a Библиография в конце статей 
461 1 |0 (RuTPU)RU\TPU\book\293903  |t Записки Узбекистанского отделения Всесоюзного минералогического общества  |f Академия наук Узбекской ССР (АН УзССР) ; Всесоюзное минералогическое общество (ВМО), Узбекистанское отделение  |v Вып. 24 : Геология и рудоносность Узбекистана  |d 1957-1989 
606 1 |a Минералогия  |2 stltpush  |3 (RuTPU)RU\TPU\subj\43907  |9 63333 
606 1 |a Геология  |2 stltpush  |3 (RuTPU)RU\TPU\subj\6095  |9 34054 
606 1 |a Геохимия  |2 stltpush  |3 (RuTPU)RU\TPU\subj\6296  |9 34219 
610 1 |a порфировые интрузии 
610 1 |a Юго-Западный Гиссар 
610 1 |a гранитоидные формации 
610 1 |a происхождение 
610 1 |a вулканическая деятельность 
610 1 |a Кураминский хребет 
610 1 |a рапакиви 
610 1 |a гнейс-тоналиты 
610 1 |a Чаткальский район 
610 1 |a карбонатные отложения 
610 1 |a эндогенные рудные формации 
610 1 |a флюоритовые месторождения 
610 1 |a фосфатоносные формации 
610 1 |a акцессорные минералы 
610 1 |a целестин 
610 1 |a турмалин 
610 1 |a монтмориллонит 
610 1 |a сульфиды меди 
610 1 |a касситерит 
610 1 |a рудные районы 
610 1 |a ртуть 
610 1 |a распределение 
610 1 |a бериллий 
610 1 |a россыпные месторождения 
610 1 |a редкие элементы 
610 1 |a золотоносность 
610 1 |a скарново-халькоперит-магнетитовые руды 
610 1 |a вмещающие породы 
610 1 |a кварцево-сульфидные месторождения 
610 1 |a золото 
610 1 |a серебро 
610 1 |a химический состав 
610 1 |a осадочные породы 
610 1 |a биогеохимические исследования 
610 1 |a изотопный состав 
610 1 |a графитовые месторождения 
675 |a 549  |v 3 
702 1 |a Бадалов  |b С. Т.  |4 340 
712 0 2 |a Академия наук Узбекской ССР (АН УзССР)  |b Институт геологии и геофизики им. Х. М. Абдуллаева  |c (Ташкент)  |2 stltpush  |3 (RuTPU)RU\TPU\col\14202 
801 1 |a RU  |b 63413507  |c 20150529 
801 2 |a RU  |b 63413507  |c 20220126  |g RCR 
942 |c BK